[Event "Chioggia op-A 09th"]
[Site "Chioggia"]
[Date "2014.10.12"]
[Round "5"]
[White "Di Lascio, Savino"]
[Black "Dalla Palma, Giovanni"]
[Result "1-0"]
[WhiteElo "1876"]
[BlackElo "1846"]
[PlyCount "58"]
[EventDate "2014.10.10"]
[EventType "swiss"]
[EventRounds "5"]
[EventCountry "ITA"]
[SourceTitle "EXT 2022"]
[Source "ChessBase"]
[SourceDate "2021.10.06"]
[SourceVersion "1"]
[SourceVersionDate "2021.10.06"]
[SourceQuality "1"]

1. e4 e5 2. Nf3 Nc6 3. d4 exd4 4. Nxd4 Bc5 5. c3 Qf6 6. Be3 Nge7 7. Qd2 Nxd4 8. cxd4 Bb6 9. Nc3 c6 10. e5 Qe6 11. Ne4 Nf5 12. g4 Nxe3 13. Nd6+ Kd8 14. fxe3 Kc7 15. h3 Qd5 16. Bg2 Qa5 17. b4 Qa4 18. 0-0 a5 19. b5 f6 20. Kh1 fxe5 21. dxe5 Qb4 22. Qd3 Bc5 23. Rab1 Qa4 24. Rfc1 Bb4 25. Rc4 Rf8 26. b6+ Kb8 27. Nxc8 d5 28. Bxd5 Rd8 29. Nd6 Bxd6 1-0